000 01144nam a2200301 c 4500
003 BLK
005 20180422110236.0
008 180409b bul|||||r ||||||| ||bul||
010 _aKNG00120003000
040 _aBLK
041 _aBUL
_cBUL
080 _aРуска литература
_b821.161.1
_x-1
_z821.161.1-1
100 1 _aЗаболоцки, Николай
_eпърви автор
_968722
700 1 _aВасилева, Зоя
_eпрев. от рус.
_9370213
139 _aЗаболоцки, Николай
_bЗ 13
245 1 0 _aЕсенни пейзажи
_bСтихотворения
_cНиколай Заболоцки; прев. от рус. Зоя Василева.
257 _aBGR
260 София
_bХристо Ботев
_c1994
300 _a96 с.
_c17 см
380 _aX
490 1 _aРуска муза
500 _aСъдържа и Из кн. Из записок разных лет / С. Ермолински. - Офс. изд.
852 _aЦб І 27212
856 4 _qpdf
_u
856 4 _qpdf
_u
942 _cKNG
_n0
944 _aCR
_c20.10.2016
_kГрета_Цуфелде
944 _aED
_c20.10.2016
_kГрета_Цуфелде
999 _c114572
_d114572